Lyrics to Waltzing Matilda - Statistics

General Stats
  • This quiz has been taken 122 times
    64 since last reset
  • The average score is 19 of 30
Answer Stats
Hint Answer % Correct
camped by a _________ Billabong
93%
to drink at that _________ Billabong
93%
and sprang into the _________ Billabong
93%
"Who'll come a-________ _______, with me?" Waltzing Matilda
93%
You'll come a-________ _______, with me. Waltzing Matilda
93%
"Who'll come a-waltzing Matilda, with me?" Waltzing Matilda
93%
****Bonus Questions**** Waltzing Matilda
93%
Once a jolly _______ Swagman
91%
Up jumped the _______ . Swagman
91%
in his ______ bag Tucker
85%
you've got in your ______ bag Tucker
85%
And he sang as he watched and waited till his _____ ______: Billy Boiled
82%
"You'll never take me _____!" said he Alive
78%
Under the shade of a ________ tree, Coolibah
73%
Down came a _______. Jumbuck
67%
And he sang as he shoved that _______ Jumbuck
67%
"Whose is that _______ Jumbuck
67%
Up jumped the swagman and _______ him with glee. Grabbed
65%
Up rode the ________ Squatter
65%
What is a billabong? Oxbow Lake
55%
And his _____ may be heard as you pass by that _________ Ghost Billabong
53%
mounted on his ____________. thoroughbred
47%
What is a tucker? Lunch Food
45%
Down came the ________, one, two, and three. troopers
45%
What does "Billy" mean "Billy Can or Teapot
35%
What type of tree is a coolibah tree? Eucalyptus
31%
What does Waltzing mean? Walking
29%
What does Matilda mean? Backpack
9%
What is a squatter? Free settler or Ex-convict
5%
What is a Swagman? Transient
4%
No matching quizzes found
Score Distribution
Percent of People with Each Score
Percentile by Number Answered
Your Score History
You have not taken this quiz since the last reset